| 000 | 00474nam a2200205Ia 4500 | ||
|---|---|---|---|
| 008 | 210210b2004 xxu||||| |||| 00| 0 eng d | ||
| 020 | _a81 8205 097 9 | ||
| 082 | _a581.634 TIWM | ||
| 100 | _aTIWARI (Manisha) | ||
| 245 | _aMedicinal plants V1 | ||
| 260 |
_aDelhi _bIsha Books _c2004 |
||
| 300 | _axii,350 | ||
| 440 | _a1 | ||
| 650 | _aV1 | ||
| 650 | _aplants | ||
| 650 | _aMedicinal | ||
| 690 | _aEconomic Botany | ||
| 700 | _aTANDON (Vibha) | ||
| 906 | _aSG04419 | ||
| 999 |
_c115014 _d115014 |
||